000 00843 a2200169 4500
003 Nust
005 20230130123822.0
040 _cNust
082 _a920,LAN
100 _aLane,Margaret
_9108038
245 _aEdgar Wallace the Biography of a Phenomenon /
_cMargret Lane
260 _aLondon
_bThe Book Club
_61939
300 _a423:p
505 _aPolly Richards’s Lying-In (Page-3), The Freemans (Page-18), Dick Goes to Work (Page-36), The Milk Round and First Love (Page-47), The Recruit (Page-63), The Caldecotts (Page-73), The Soldier Poet (Page-93), My Pal, The Boer (Page-113), The House That Harmsworth Built (Page-161), Sanders of the River (Page-216), Hail and Farewell (Page-249), Winding up the Machine (Page-268), Money and Power (Page-319), The Machine Breaks Down (Page-376).
650 _aBiography
_9461
942 _2ddc
_cBK
999 _c187105
_d187105